000 00885nam0a22002531 4500
001 rc\3031596
005 20250806201649.0
035 _a(NLR Aleph) 007172512
090 _a13428
_c13428
100 _a20111002d1942 u y0rusy50 ca
101 0 _arus
102 _aRU
105 _aa z |||||
200 1 _aСамопомощь и взаимопомощь в бою при ранениях
_fВ.А. Рыбасов, военврач 2 ранга
210 _aНовосибирск
_cНовосибирск. обл. гос. изд-во
_d1942
215 _a43 с.
_cил.
_d16 см
700 1 _aРыбасов
_bВ.А.
_gВсеволод Александрович
801 0 _aRU
_bNLR
_gpsbo
801 1 _aRU
_bELAR
_2rusmarc
852 _aNLR
_jВ40 Г-2/939
942 _cBOOK
945 _aРоссийская национальная библиотека
980 _aNB
980 _aBV